00691nam a2200241 a 4500001001300000003000900013005001700022008004100039020002600080082001300106100002100119245002200140260004100162300000900203500003500212505001000247650002700257700002100284902000800305942000700313952011400320999001500434nice12345678IN_TiNIC20260116012301.0050524s1983 leia grp 000 0 eng  a0877849 c340.5500a230bAND aAnderson, Norman aTeaching of Jesus aLeicesterbInter Varsity Pressc1983 a219p aincludes index and biblioraphy2 aIndex aJesus Christ-Teachings1 aAnderson, Norman bSRS cBK 001040708StackRoom-aHMIbHMId2007-06-22g340.55l0o230 ANDp014395r2007-06-22v340.55w2005-05-24yBK c6385d6385